00652nam a22001817a 450000100060000000300080000600500170001400800410003103500190007204000260009104100080011708200200012524501720014526000620031730000260037965100190040571000460042423240BD-RjUL20211209000916.0140310s1977 ja a|||| |||| 00| 0 eng d a(BD-RjUL)23305 aBD-RjULbengcBD-RjUL aeng04a915.2bWHI 1977 0aWhite papers of Japan, 1975-76 : bannual abstract of official reports and statistics of the Japanese government /cedited by Japan Institute of International Affairs, aTokyo :bJapan Institute of International Affairs,c1977. axii, 267 p. :c26 cm. 0aJapanvHistory2 aJapan Institute of International Affairs,